| 000 | 00961cam a22002897a 4500 | ||
|---|---|---|---|
| 003 | CHAP | ||
| 005 | 20220817043633.0 | ||
| 008 | 000315d1985 cu r 00010 spa d | ||
| 010 | _a80363 | ||
| 011 | _a81335 | ||
| 035 | _a91804 | ||
| 040 | _cCHAP | ||
| 082 | 0 | 4 |
_a631.4207291 _bC8 |
| 110 | _aCuba. Ministerio de Agricultura | ||
| 245 | 1 | 0 |
_aSuelos de la provincia Matanzas : _bsegún el mapa a escala 1: 50 000 _c/por Dirección General de Suelos y Fertilizantes. Ministerio de Agricultura |
| 260 |
_aLa Habana : _bCientífico-técnica, _c1985. |
||
| 300 | _a313 p. | ||
| 590 |
_aBATCH-UPD _b10 _c20130110 _lUCH01 _h0205 |
||
| 590 |
_aBATCH-UPD _b10 _c20130110 _lUCH01 _h2158 |
||
| 590 |
_aCONVERSION _b10 _c20130109 _lUCH01 _h1345 |
||
| 650 | 1 | 4 |
_aAgricultura _xCuba. _91390 |
| 650 | 1 | 4 |
_aSuelos _xCuba. _9110333 |
| 901 | _aBK | ||
| 905 | _aLilia Sánchez G. | ||
| 942 | _cLIBRO | ||
| 949 |
_a631.4207291 C8 _bBC _cLIBRO _d33724000765822 _eLIBRO _h97130 _i91804 _si |
||
| 999 |
_c80363 _d80363 |
||